Ecológica
Đã lưu trong:
| Tác giả chính: | |
|---|---|
| Định dạng: | Sách |
| Ngôn ngữ: | Tiếng Tây Ban Nha |
| Được phát hành: |
Buenos Aires
Capital Intelectual
2011
|
| Phiên bản: | 1a. ed |
| Những chủ đề: | |
| Các nhãn: |
Thêm thẻ
Không có thẻ, Là người đầu tiên thẻ bản ghi này!
|
MARC
| LEADER | 00000cam a2200000 a 4500 | ||
|---|---|---|---|
| 001 | UCF3940 | ||
| 003 | CL-VaPUC | ||
| 008 | 121108e20110000AG |||||||||||||||||spa|d | ||
| 020 | |a 9789876142731 | ||
| 082 | 0 | 4 | |a 320.1 |b GOR |2 21 |
| 100 | |a Gorz, André |e author |9 565589 | ||
| 245 | 1 | 0 | |a Ecológica |
| 250 | |a 1a. ed | ||
| 300 | |a 136 p | ||
| 942 | |c BK | ||
| 945 | |d 20121108 00:00:00 |a dcastane | ||
| 260 | |a Buenos Aires |b Capital Intelectual |c 2011 | ||
| 650 | 7 | |a FILOSOFIA POLITICA |2 CL-VaPUC |9 565590 | |
| 650 | 0 | |a Desarrollo económico y social |9 256320 | |
| 650 | 0 | |a Capitalismo |9 255255 | |
| 583 | |a last modification |c 20121108 11:12:00 |k Rodrigo Vera | ||
| 999 | |c 349976 |d 349974 | ||
| 952 | |0 0 |1 0 |4 0 |6 320_100000000000000_GOR_2011 |7 0 |8 A |9 452880 |a BIBEDU |b BIBEDU |d 2019-11-22 |i 4922131 |o 320.1 GOR 2011 |p 4922131 |r 2019-11-22 |w 2019-11-22 |y BK |k FIL | ||